000 00305nam a22001337a 4500
020 _a978-0-141-32262-9
082 _a823
_bDAH/B
100 _aROALD DAHL
245 _aTHE BFG
260 _aUNITED KINGDOM
_bPUFFIN BOOKS
_c2007
300 _a199
650 _aCHILDREN'S STORY BOOK
_zUNITED KINGDOM
942 _cBK
999 _c47
_d47